International Capital Markets : Developments and Prospects, 1984 /

This paper provides a description and analysis of recent developments in international capital markets and an assessment of the prospects for private financing flows, in particular to the developing countries.

Chi tiết về thư mục
Tác giả chính: Watson, Maxwell
Tác giả khác: Keller, Peter, Mathieson, Donald
Định dạng: Tạp chí
Ngôn ngữ:English
Được phát hành: Washington, D.C. : International Monetary Fund, 1984.
Loạt:Occasional Papers; Occasional Paper ; No. 1984/007
Truy cập trực tuyến:Full text available on IMF
LEADER 01372cas a2200265 a 4500
001 AALejournalIMF012478
008 230101c9999 xx r poo 0 0eng d
020 |c 15.00 USD 
020 |z 9781557750730 
022 |a 0251-6365 
040 |a BD-DhAAL  |c BD-DhAAL 
100 1 |a Watson, Maxwell. 
245 1 0 |a International Capital Markets :   |b Developments and Prospects, 1984 /  |c Maxwell Watson, Peter Keller, Donald Mathieson. 
264 1 |a Washington, D.C. :  |b International Monetary Fund,  |c 1984. 
300 |a 1 online resource (121 pages) 
490 1 |a Occasional Papers 
500 |a <strong>Off-Campus Access:</strong> No User ID or Password Required 
500 |a <strong>On-Campus Access:</strong> No User ID or Password Required 
506 |a Electronic access restricted to authorized BRAC University faculty, staff and students 
520 3 |a This paper provides a description and analysis of recent developments in international capital markets and an assessment of the prospects for private financing flows, in particular to the developing countries. 
538 |a Mode of access: Internet 
700 1 |a Keller, Peter. 
700 1 |a Mathieson, Donald. 
830 0 |a Occasional Papers; Occasional Paper ;  |v No. 1984/007 
856 4 0 |z Full text available on IMF  |u http://elibrary.imf.org/view/books/084/03667-9781557750730-en/03667-9781557750730-en-book.xml  |z IMF e-Library